00514nam a22001577a 450000500170000001000150001702000100003203500140004203700130005608200130006910000270008224500810010926000550019027000900024530000210033520230201154539.0 aENG-136100 c75.00 aEN-119632 bDBAD/PUB a346.0134 aOmari, Syed Jalaluddin aRights of Muslim Women:bA Critique of the Objections/cSyed Jalauddin Omari aNew DelhibMarkazi Maktaba Islami Publishersc2008 aD-307 Abul Fazi Enclave Jamia Nagar OkhlabNew Delhie110025mmmipublishers@gmail.com a232p.c22cm(pbk)